[Event "IMSA Blitz w 2016"]
[Site "Huai'an CHN"]
[Date "2016.02.29"]
[Round "18.5"]
[White "Gunina, Valentina"]
[Black "Paehtz, Elisabeth"]
[Result "1/2-1/2"]
[WhiteTitle "GM"]
[BlackTitle "IM"]
[WhiteElo "2496"]
[BlackElo "2472"]
[WhiteFideId "4167570"]
[BlackFideId "4641833"]
[EventDate "2016.02.28"]

1. d4 d6 2. c4 g6 3. Nc3 Bg7 4. e4 Nf6 5. f3 Nbd7 6. Be3 c5 7. d5 a6 8. Qd2 Ne5
9. a4 e6 10. Bg5 h6 11. Bh4 g5 12. Bf2 exd5 13. cxd5 Ng6 14. Nge2 Nd7 15. Ng3
Be5 16. Nf5 Nf6 17. Bd3 Bxf5 18. exf5 Nf4 19. O-O O-O 20. Be4 Qd7 21. g3 Nh3+
22. Kg2 Nxf2 23. Rxf2 b5 24. a5 Bd4 25. Re2 b4 26. Nd1 Rae8 27. h4 Nh7 28. f6
Bxf6 29. Nf2 Bg7 30. Bxh7+ Kxh7 31. Rxe8 Rxe8 32. hxg5 Qf5 33. gxh6 Be5 34. Rh1
Rg8 35. g4 Qf4 36. Qxf4 Bxf4 37. Ne4 Rg6 38. Kf2 Rxh6 39. Rxh6+ Kxh6 40. Ke2 Kg6
41. Kd3 f5 42. gxf5+ Kxf5 43. Kc4 Ke5 44. b3 Bh6 45. Ng3 Bg5 46. Ne4 Bh6 47. Nf2
Bg5 48. Ne4 Bh6 49. Nf2 Bg5 50. Nd3+ Kf5 51. Nf2 Ke5 1/2-1/2

[Event "IMSA Blitz w 2016"]
[Site "Huai'an CHN"]
[Date "2016.02.29"]
[Round "18.6"]
[White "Harika, Dronavalli"]
[Black "Lagno, Kateryna"]
[Result "1-0"]
[WhiteTitle "GM"]
[BlackTitle "GM"]
[WhiteElo "2511"]
[BlackElo "2529"]
[WhiteFideId "5015197"]
[BlackFideId "14109336"]
[EventDate "2016.02.28"]

1. d4 Nf6 2. Nf3 g6 3. Bg5 Bg7 4. Nbd2 c5 5. e3 d6 6. Bd3 O-O 7. O-O b6 8. Qe2
Bb7 9. c3 Qc8 10. e4 h6 11. Bh4 Re8 12. e5 dxe5 13. dxe5 Nd5 14. e6 f5 15. Bg3
Nc6 16. a4 Bf6 17. h4 h5 18. Ng5 a6 19. Rfe1 Nd8 20. Nc4 Qc6 21. f3 Rf8 22. Ne5
Bxe5 23. Qxe5 Nf6 24. Bxf5 gxf5 25. Qxf5 Kg7 26. Be5 Rh8 27. Bxf6+ exf6 28. e7
fxg5 29. exd8=Q Raxd8 30. Re6 Qxe6 31. Qxe6 Rhe8 32. Qxb6 Rd7 33. hxg5 Re5 34.
Qf6+ 1-0

[Event "IMSA Blitz w 2016"]
[Site "Huai'an CHN"]
[Date "2016.02.29"]
[Round "18.7"]
[White "Huang, Qian"]
[Black "Tan, Zhongyi"]
[Result "0-1"]
[WhiteTitle "WGM"]
[BlackTitle "WGM"]
[WhiteElo "2450"]
[BlackElo "2504"]
[WhiteFideId "8602689"]
[BlackFideId "8603642"]
[EventDate "2016.02.28"]

1. c4 Nf6 2. Nf3 e6 3. g3 d5 4. Bg2 d4 5. O-O c5 6. e3 Nc6 7. d3 Bd6 8. exd4
cxd4 9. Re1 O-O 10. a3 a5 11. Bg5 h6 12. Bxf6 Qxf6 13. Nbd2 Qd8 14. Rc1 Re8 15.
c5 Bf8 16. Qa4 e5 17. b4 Bd7 18. b5 Na7 19. c6 bxc6 20. bxc6 Nxc6 21. Rxc6 Ra6
22. Nxe5 Bxc6 23. Bxc6 Re6 24. Bb5 Ra7 25. Nef3 Rxe1+ 26. Nxe1 Qe7 27. Nef3 Qxa3
28. Qxd4 Rc7 29. Nc4 Qb4 30. Qd8 Rb7 31. Bc6 Rb8 32. Qd7 Bc5 33. Kg2 Qc3 34.
Nfe5 Rf8 35. Qd5 Qd4 36. Qxd4 Bxd4 37. Nf3 Bc3 38. d4 Rc8 39. d5 a4 40. Na3 Bb4
41. Nb5 a3 42. Nxa3 Bxa3 43. Nd4 Rd8 44. Nb5 Bc5 45. f4 Kf8 46. Kf3 Ke7 47. Ke4
Rb8 48. h4 Rb6 49. g4 Ra6 50. g5 h5 51. Nc3 Ra3 52. Nb5 Rh3 53. Nc7 g6 54. Ne8
Re3# 0-1

[Event "IMSA Blitz w 2016"]
[Site "Huai'an CHN"]
[Date "2016.02.29"]
[Round "19.2"]
[White "Mkrtchian, Lilit"]
[Black "Huang, Qian"]
[Result "0-1"]
[WhiteTitle "IM"]
[BlackTitle "WGM"]
[WhiteElo "2434"]
[BlackElo "2450"]
[WhiteFideId "13300601"]
[BlackFideId "8602689"]
[EventDate "2016.02.28"]

1. c4 g6 2. g3 Bg7 3. Bg2 e6 4. Nf3 Ne7 5. O-O O-O 6. d4 d5 7. Qc2 Nbc6 8. Rd1
b6 9. a3 Bb7 10. cxd5 exd5 11. b4 Nf5 12. Bb2 Rc8 13. e3 Nce7 14. Nbd2 c6 15. a4
Nd6 16. Qb3 Ba6 17. Bf1 Bxf1 18. Rxf1 Qd7 19. Kg2 Qf5 20. Rac1 g5 21. Qc2 Ne4
22. Nxe4 dxe4 23. Nd2 Nd5 24. Qxe4 Qxe4+ 25. Nxe4 Nxb4 26. Ba3 a5 27. Nxg5 Rfe8
28. Nf3 c5 29. dxc5 bxc5 30. Nd2 Nd3 31. Rb1 c4 32. Rb5 c3 33. Nb3 c2 34. Nc1
Rc3 35. Rb3 Rxb3 36. Nxb3 Re4 37. Nc1 Rxa4 38. Nxd3 Rxa3 39. Nc1 Ra1 0-1

[Event "IMSA Blitz w 2016"]
[Site "Huai'an CHN"]
[Date "2016.02.29"]
[Round "19.3"]
[White "Tan, Zhongyi"]
[Black "Harika, Dronavalli"]
[Result "1-0"]
[WhiteTitle "WGM"]
[BlackTitle "GM"]
[WhiteElo "2504"]
[BlackElo "2511"]
[WhiteFideId "8603642"]
[BlackFideId "5015197"]
[EventDate "2016.02.28"]

1. c4 g6 2. Nf3 Bg7 3. d4 c5 4. d5 d6 5. Nc3 Bxc3+ 6. bxc3 f5 7. e4 fxe4 8. Ng5
Nf6 9. f3 Qa5 10. Qb3 Nbd7 11. Nxe4 Nxe4 12. fxe4 Nb6 13. Be2 Bd7 14. O-O O-O-O
15. Bg5 Rde8 16. Rf7 e6 17. Be7 exd5 18. cxd5 Kc7 19. Raf1 Nc8 20. Bf6 Rhf8 21.
Rxf8 Rxf8 22. e5 Ba4 23. Qc4 a6 24. Qh4 Kb8 25. e6 c4 26. Bxc4 Nb6 27. Kh1 Rc8
28. Be2 Nxd5 29. Bd4 Bb5 30. Bxb5 Qxb5 31. Re1 Qd3 32. e7 Re8 33. h3 Qd2 34. Re6
Qc1+ 35. Kh2 Qd2 36. Qg3 Nc7 37. Rxd6 b5 1-0

[Event "IMSA Blitz w 2016"]
[Site "Huai'an CHN"]
[Date "2016.02.29"]
[Round "19.4"]
[White "Lagno, Kateryna"]
[Black "Gunina, Valentina"]
[Result "1-0"]
[WhiteTitle "GM"]
[BlackTitle "GM"]
[WhiteElo "2529"]
[BlackElo "2496"]
[WhiteFideId "14109336"]
[BlackFideId "4167570"]
[EventDate "2016.02.28"]

1. e4 c6 2. d4 d5 3. exd5 cxd5 4. c4 Nf6 5. Nc3 Nc6 6. Nf3 g6 7. cxd5 Nxd5 8.
Bc4 Nb6 9. Bb3 Bg7 10. O-O O-O 11. d5 Na5 12. h3 Nxb3 13. axb3 Bxc3 14. bxc3
Qxd5 15. Qe2 Qxb3 16. Qxe7 Be6 17. Qh4 Rfc8 18. Be3 Rxc3 19. Ng5 h5 20. Bd4 Rd3
21. Ne4 Nd5 22. Nc5 Rxd4 23. Qxd4 Qc3 24. Nxe6 fxe6 25. Qe4 Kf7 26. Rfe1 Qf6 27.
Ra3 Kg7 28. Qxe6 Qxe6 29. Rxe6 Nf4 30. Rd6 Kh6 31. h4 Rc8 32. g3 Ne2+ 33. Kg2 a6
34. Rb3 Nc3 35. Rxb7 Ne4 36. Rxa6 Rf8 37. Ra2 Rf5 38. Re2 Nf6 39. f3 g5 40.
hxg5+ Kxg5 41. Rbe7 Kg6 42. R7e5 Nd5 43. Rxf5 Kxf5 44. Kh3 Nf6 45. Kh4 1-0

[Event "IMSA Blitz w 2016"]
[Site "Huai'an CHN"]
[Date "2016.02.29"]
[Round "19.5"]
[White "Paehtz, Elisabeth"]
[Black "Dzagnidze, Nana"]
[Result "1-0"]
[WhiteTitle "IM"]
[BlackTitle "GM"]
[WhiteElo "2472"]
[BlackElo "2529"]
[WhiteFideId "4641833"]
[BlackFideId "13601903"]
[EventDate "2016.02.28"]

1. e4 e5 2. Nf3 Nc6 3. Bc4 Be7 4. c3 Nf6 5. d3 O-O 6. Bb3 d5 7. Nbd2 h6 8. Qe2
Be6 9. Bc2 dxe4 10. dxe4 a5 11. a4 Bc5 12. h3 Qe7 13. Nf1 Rfd8 14. Ne3 Rd7 15.
g4 Rad8 16. O-O Nd4 17. cxd4 exd4 18. Ne5 dxe3 19. Bxe3 Bxe3 20. Nxd7 Bd4 21.
Nxf6+ Qxf6 22. Rad1 c5 23. e5 Qh4 24. Kg2 h5 25. f3 Bd5 26. Be4 hxg4 27. hxg4
Bxe5 28. Rh1 Qg3+ 29. Kf1 Bd4 30. Bxd5 g6 31. Be4 Qf4 32. Qh2 Qe3 33. Qd2 Qb3
34. Kg2 Re8 35. Rhe1 Re5 36. Bc2 Qxb2 37. Rxe5 Bxe5 38. Be4 Qb3 39. Qc2 Qe3 40.
Qd2 Qb3 41. Rb1 Qa3 42. Rxb7 Qxa4 43. Bd5 1-0

[Event "IMSA Blitz w 2016"]
[Site "Huai'an CHN"]
[Date "2016.02.29"]
[Round "19.6"]
[White "Zhao, Xue"]
[Black "Khotenashvili, Bela"]
[Result "1-0"]
[WhiteTitle "GM"]
[BlackTitle "GM"]
[WhiteElo "2506"]
[BlackElo "2502"]
[WhiteFideId "8601283"]
[BlackFideId "13602640"]
[EventDate "2016.02.28"]

1. Nf3 d5 2. c4 c6 3. e3 g6 4. Nc3 Bg7 5. d4 Nf6 6. h3 O-O 7. Bd3 Nbd7 8. O-O
dxc4 9. Bxc4 c5 10. a4 cxd4 11. exd4 Nb6 12. Bb3 Nbd5 13. Re1 e6 14. Bg5 h6 15.
Bh4 g5 16. Bg3 b6 17. h4 g4 18. Ne5 h5 19. Nc6 Qd7 20. Nxd5 Nxd5 21. Bxd5 exd5
22. Ne7+ Kh8 23. Rc1 Ba6 24. Rc7 Qd8 25. Qd2 f6 26. Nc6 Qxc7 27. Bxc7 Rac8 28.
Qf4 Rf7 29. Re7 1-0

[Event "IMSA Blitz w 2016"]
[Site "Huai'an CHN"]
[Date "2016.02.29"]
[Round "20.4"]
[White "Khotenashvili, Bela"]
[Black "Paehtz, Elisabeth"]
[Result "1-0"]
[WhiteTitle "GM"]
[BlackTitle "IM"]
[WhiteElo "2502"]
[BlackElo "2472"]
[WhiteFideId "13602640"]
[BlackFideId "4641833"]
[EventDate "2016.02.28"]

1. Nf3 d6 2. d4 g6 3. c4 Bg7 4. Nc3 Bg4 5. e3 Nf6 6. Be2 O-O 7. h3 Bd7 8. e4 Nc6
9. Be3 e5 10. d5 Ne7 11. g4 Ne8 12. Rg1 c5 13. h4 a6 14. h5 b5 15. cxb5 axb5 16.
Bxb5 Bxb5 17. Nxb5 Qa5+ 18. Nc3 Nc7 19. Nd2 Rab8 20. Qc2 Rb4 21. b3 Nb5 22. Nxb5
Rxb5 23. Kf1 Rb4 24. Nc4 Qa6 25. Qe2 Ra8 26. Kg2 Nc8 27. Rge1 Qb7 28. f3 Qe7 29.
hxg6 fxg6 30. Qd2 Nb6 31. Nxb6 Rxb6 32. Rac1 Rba6 33. Rc2 Bf6 34. Rb1 Ra3 35. g5
Bg7 36. Bf2 Rf8 37. Be3 Qf7 38. Qe2 Qe7 39. b4 cxb4 40. Rxb4 h6 41. gxh6 Bf6 42.
Rbc4 Rf7 43. Qd2 Kh7 44. R4c3 Ra8 45. Rc8 Ra3 46. Qc1 Ra4 47. R8c7 Qf8 48. Rxf7+
Qxf7 49. Rc7 Be7 50. Bg5 Rxa2+ 51. Kg3 Bxg5 52. Rxf7+ Kxh6 53. Qh1+ 1-0

[Event "IMSA Blitz w 2016"]
[Site "Huai'an CHN"]
[Date "2016.02.29"]
[Round "20.5"]
[White "Dzagnidze, Nana"]
[Black "Lagno, Kateryna"]
[Result "0-1"]
[WhiteTitle "GM"]
[BlackTitle "GM"]
[WhiteElo "2529"]
[BlackElo "2529"]
[WhiteFideId "13601903"]
[BlackFideId "14109336"]
[EventDate "2016.02.28"]

1. c4 g6 2. Nc3 c5 3. g3 Bg7 4. Bg2 Nc6 5. d3 e6 6. Bd2 Nge7 7. Nf3 d5 8. cxd5
exd5 9. a3 O-O 10. O-O d4 11. Na4 b6 12. b4 Nd5 13. Qb3 Rb8 14. Rac1 h6 15. Ng5
Nce7 16. Ne4 Be6 17. Naxc5 bxc5 18. Nxc5 Nc3 19. Nxe6 Nxe2+ 20. Kh1 Nxc1 21.
Rxc1 fxe6 22. Qxe6+ Kh7 23. Be4 Rb6 24. Qg4 Rxf2 25. Bf4 Qe8 26. Rc7 Qf7 27. h4
Qa2 0-1

[Event "IMSA Blitz w 2016"]
[Site "Huai'an CHN"]
[Date "2016.02.29"]
[Round "20.6"]
[White "Gunina, Valentina"]
[Black "Tan, Zhongyi"]
[Result "1-0"]
[WhiteTitle "GM"]
[BlackTitle "WGM"]
[WhiteElo "2496"]
[BlackElo "2504"]
[WhiteFideId "4167570"]
[BlackFideId "8603642"]
[EventDate "2016.02.28"]

1. d4 Nf6 2. c4 e6 3. Nf3 b6 4. g3 Bb7 5. Bg2 Bb4+ 6. Bd2 Bxd2+ 7. Qxd2 O-O 8.
O-O d6 9. Qc2 Be4 10. Qb3 Bb7 11. Qc2 Be4 12. Qd2 Bb7 13. Nc3 Ne4 14. Nxe4 Bxe4
15. Qf4 f5 16. Nd2 Bxg2 17. Kxg2 Nd7 18. Nf3 Qe7 19. e4 e5 20. dxe5 dxe5 21. Qg5
Qxg5 22. Nxg5 Nc5 23. b4 Nxe4 24. Nxe4 fxe4 25. Rae1 Rad8 26. Rxe4 Rd4 27. Rxd4
exd4 28. Re1 c5 29. bxc5 bxc5 30. Re5 Rc8 31. Kf3 Kf7 32. Ke4 Rc6 33. Kd3 Kf6
34. f4 h6 35. h4 g6 36. a4 h5 37. a5 Rc7 38. Rd5 Rc6 39. Rg5 Rc7 40. Re5 Rc6 41.
Rd5 Rc7 42. Rd6+ Kf5 43. a6 Re7 44. Rd5+ Kg4 45. Rxc5 Kxg3 46. Rg5+ Kxf4 47.
Rxg6 Rd7 48. c5 Ke5 49. Rg5+ Ke6 50. Rxh5 Rg7 51. Kxd4 Rg4+ 52. Kc3 Kd7 53. Rh6
Kc7 54. h5 Ra4 55. Rg6 Rh4 56. h6 Kd7 57. Kd3 Kc7 58. Ke3 Rh5 59. Kf4 Rxc5 60.
Kg4 Rc1 61. Kg5 Rh1 62. Kf6 Kb6 63. Kg7+ Kb5 64. h7 1-0

[Event "IMSA Blitz w 2016"]
[Site "Huai'an CHN"]
[Date "2016.02.29"]
[Round "20.7"]
[White "Harika, Dronavalli"]
[Black "Mkrtchian, Lilit"]
[Result "0-1"]
[WhiteTitle "GM"]
[BlackTitle "IM"]
[WhiteElo "2511"]
[BlackElo "2434"]
[WhiteFideId "5015197"]
[BlackFideId "13300601"]
[EventDate "2016.02.28"]

1. d4 Nf6 2. Bg5 e6 3. e4 h6 4. Bxf6 Qxf6 5. c3 g6 6. Nd2 Bg7 7. Bd3 d6 8. Ne2
e5 9. O-O O-O 10. f4 exd4 11. cxd4 c5 12. dxc5 Qxb2 13. Nb3 dxc5 14. e5 Rd8 15.
Qc2 Qxc2 16. Bxc2 Na6 17. Be4 Rb8 18. Rfd1 Bg4 19. Kf2 b6 20. h3 Be6 21. Nc3 Nb4
22. g4 a5 23. Na4 Nxa2 24. Rxd8+ Rxd8 25. Nbxc5 bxc5 26. Nxc5 Nc3 27. Nxe6 Nxe4+
28. Ke3 fxe6 29. Kxe4 Ra8 30. Ra4 Bf8 31. h4 Bb4 32. h5 gxh5 33. gxh5 Kf7 34. f5
exf5+ 35. Kxf5 Rg8 36. Ra1 Rg5+ 37. Ke4 Ke6 38. Rc1 Rxe5+ 39. Kf4 Rxh5 0-1

[Event "IMSA Blitz w 2016"]
[Site "Huai'an CHN"]
[Date "2016.03.01"]
[Round "21.1"]
[White "Huang, Qian"]
[Black "Ju, Wenjun"]
[Result "0-1"]
[WhiteTitle "WGM"]
[BlackTitle "GM"]
[WhiteElo "2450"]
[BlackElo "2558"]
[WhiteFideId "8602689"]
[BlackFideId "8603006"]
[EventDate "2016.02.28"]

1. c4 c5 2. Nf3 Nf6 3. Nc3 Nc6 4. d4 cxd4 5. Nxd4 e6 6. a3 Bc5 7. Nb3 Bb6 8. e4
d5 9. cxd5 exd5 10. exd5 Ng4 11. Qe2+ Ne7 12. Ne4 Qxd5 13. Qb5+ Bd7 14. Qxd5
Nxd5 15. h3 Ngf6 16. Nd6+ Ke7 17. Nc4 Bc7 18. Be2 Rhe8 19. O-O Kf8 20. Bf3 Bb5
21. Nbd2 Rad8 22. b4 Be5 23. Rb1 Nc3 24. Rb2 Ne2+ 25. Bxe2 Bxb2 26. Bf3 Bxc1 27.
Rxc1 b6 28. Nb3 Rc8 29. Nd6 Rxc1+ 30. Nxc1 Re1+ 31. Kh2 Rxc1 32. Nxb5 a5 33.
bxa5 bxa5 34. Nd6 Rc3 35. a4 Rc2 36. Nb7 Rxf2 37. Nxa5 Ra2 38. Bc6 Ke7 39. Nc4
Rc2 40. Bb5 Nd7 41. a5 Nc5 42. Ne5 Ra2 43. Nc4 Ra1 44. Kg3 f6 45. Kf2 Ra2+ 46.
Kg3 Ne4+ 47. Kh2 Nd6 48. Nxd6 Kxd6 49. a6 h6 50. Bc4 Ra3 51. Bb5 Kc5 52. Be2 Kd4
53. Bb5 f5 54. Kg1 Ra2 55. Kh2 f4 56. Kg1 Ke3 57. Bc4 Ra1+ 58. Kh2 g5 59. Bb5 h5
60. Bc4 g4 61. hxg4 hxg4 62. Be6 g3+ 63. Kh3 Rxa6 64. Bd5 Rd6 65. Bb7 Rf6 66.
Kg4 Rg6+ 67. Kh3 Kf2 68. Bf3 Rg7 69. Be4 Rg8 70. Bf3 Rh8+ 71. Kg4 Rh2 72. Kxf4
Rxg2 0-1

[Event "IMSA Blitz w 2016"]
[Site "Huai'an CHN"]
[Date "2016.03.01"]
[Round "21.3"]
[White "Mkrtchian, Lilit"]
[Black "Gunina, Valentina"]
[Result "1/2-1/2"]
[WhiteTitle "IM"]
[BlackTitle "GM"]
[WhiteElo "2434"]
[BlackElo "2496"]
[WhiteFideId "13300601"]
[BlackFideId "4167570"]
[EventDate "2016.02.28"]

1. c4 c6 2. Nf3 d5 3. e3 Nf6 4. Nc3 e6 5. b3 Bd6 6. Bb2 O-O 7. d4 Qe7 8. Bd3
Nbd7 9. Qc2 h6 10. O-O b6 11. e4 dxe4 12. Nxe4 Nxe4 13. Bxe4 Bb7 14. Ne5 Rac8
15. Rad1 Rfd8 16. c5 Bxe5 17. dxe5 Nxc5 18. Ba3 Rxd1 19. Rxd1 Rd8 20. Rxd8+ Qxd8
21. Bxc5 bxc5 22. Qd3 Qa5 23. g3 Ba6 24. Qd1 c4 25. Bxc6 Qxe5 26. bxc4 Bxc4 27.
a3 g5 28. Bg2 a5 29. h3 Kg7 30. Qc1 Qd4 31. Qe1 a4 32. Qb4 Qd1+ 33. Kh2 Qc2 34.
Qc5 Qd3 35. Qe5+ Kg8 36. Qb8+ Kg7 37. Qe5+ f6 38. Qc7+ Kg6 39. Qc8 e5 40. g4 Qd4
41. Qc6 Bf7 42. Be4+ Kg7 43. Kg2 Qc4 44. Qb7 Kf8 45. Qa8+ Ke7 46. Qb7+ Kd6 47.
Qb6+ Ke7 48. Qb7+ Kf8 49. Qa8+ Kg7 50. Bc6 h5 51. gxh5 Bxh5 52. Qxa4 Qc5 53. Qe4
Bg6 54. Qd5 Qxa3 55. Qd7+ Kh6 56. Qd8 Kg7 57. Qd7+ Bf7 58. Bd5 Qf8 59. Qb7 Kg6
60. Be4+ Kh6 61. Qb6 Bg6 62. Bxg6 Kxg6 63. Qc6 Qd8 64. Qe4+ Kg7 65. Qb7+ Kh6 66.
Qe4 Qd7 67. Kg3 Qd1 68. Kg2 Qd4 69. Qa8 Qd7 70. Qh8+ Kg6 71. Qg8+ Kf5 72. Qb3
Qc6+ 73. Kh2 Qe4 74. Qb8 Kf4 75. Qd8 Kf5 76. Kg3 Qf4+ 77. Kg2 Qe4+ 78. Kg3 Qd4
79. Qc8+ Ke4 80. Qc6+ Kf5 81. Qc8+ Kg6 82. Qg8+ Kh6 83. Qh8+ Kg6 84. Qg8+ Kf5
85. Qc8+ Kg6 86. Qg8+ 1/2-1/2

[Event "IMSA Blitz w 2016"]
[Site "Huai'an CHN"]
[Date "2016.03.01"]
[Round "21.4"]
[White "Tan, Zhongyi"]
[Black "Dzagnidze, Nana"]
[Result "0-1"]
[WhiteTitle "WGM"]
[BlackTitle "GM"]
[WhiteElo "2504"]
[BlackElo "2529"]
[WhiteFideId "8603642"]
[BlackFideId "13601903"]
[EventDate "2016.02.28"]

1. d4 Nf6 2. c4 e6 3. g3 c5 4. Nf3 cxd4 5. Nxd4 d5 6. Bg2 e5 7. Nf3 d4 8. O-O
Nc6 9. e3 Be7 10. exd4 exd4 11. Bf4 O-O 12. Ne5 Bd7 13. Nxd7 Qxd7 14. Nd2 Rad8
15. Qa4 Nh5 16. Rae1 Nxf4 17. gxf4 Bd6 18. Ne4 Bxf4 19. h3 Bb8 20. Qb5 Rfe8 21.
Qh5 Qc7 22. f4 d3 23. Ng5 h6 24. Nxf7 Rxe1 25. Rxe1 d2 26. Nxh6+ gxh6 27. Qg6+
Qg7 28. Bd5+ Kh8 29. Qxg7+ Kxg7 30. Rd1 Bxf4 31. Kf2 Nd4 32. Bxb7 Rb8 33. Rg1+
Kf6 0-1

[Event "IMSA Blitz w 2016"]
[Site "Huai'an CHN"]
[Date "2016.03.01"]
[Round "21.5"]
[White "Lagno, Kateryna"]
[Black "Khotenashvili, Bela"]
[Result "1-0"]
[WhiteTitle "GM"]
[BlackTitle "GM"]
[WhiteElo "2529"]
[BlackElo "2502"]
[WhiteFideId "14109336"]
[BlackFideId "13602640"]
[EventDate "2016.02.28"]

1. e4 c6 2. d4 d5 3. Nd2 g6 4. c3 Bg7 5. Ngf3 Nd7 6. Bd3 dxe4 7. Nxe4 Ngf6 8.
O-O O-O 9. h3 Nxe4 10. Bxe4 a5 11. a4 Qc7 12. Be3 Nf6 13. Bd3 Nd5 14. Bd2 Rd8
15. Qe2 Bf6 16. Ne5 c5 17. Rac1 cxd4 18. cxd4 Qd6 19. Nc4 Qd7 20. Bxa5 Rf8 21.
Be4 e6 22. Bxd5 Qxd5 23. Bb4 Bxd4 24. Bxf8 Kxf8 25. Rfd1 Rb8 26. Nb6 1-0

[Event "IMSA Blitz w 2016"]
[Site "Huai'an CHN"]
[Date "2016.03.01"]
[Round "21.7"]
[White "Zhao, Xue"]
[Black "Socko, Monika"]
[Result "1-0"]
[WhiteTitle "GM"]
[BlackTitle "GM"]
[WhiteElo "2506"]
[BlackElo "2448"]
[WhiteFideId "8601283"]
[BlackFideId "1106619"]
[EventDate "2016.02.28"]

1. c4 Nf6 2. Nf3 g6 3. b3 Bg7 4. Bb2 O-O 5. g3 d6 6. d4 Nc6 7. Bg2 e5 8. dxe5
Ng4 9. Nc3 Ngxe5 10. O-O Be6 11. Qd2 h6 12. Rad1 Kh7 13. Nd5 f5 14. Nxe5 dxe5
15. Qc1 Qc8 16. Rfe1 Rf7 17. a3 a5 18. Nc3 Nd4 19. Qb1 Nxb3 20. Nd5 Nc5 21. Qa1
Nd7 22. e4 c6 23. exf5 gxf5 24. Ne3 f4 25. gxf4 exf4 26. Nd5 cxd5 27. Rxe6 f3
28. Bh3 Qxc4 29. Qb1+ Kg8 30. Rg6 Nf8 31. Rg3 Re8 32. Bxg7 Rxg7 33. Rxg7+ Kxg7
34. Qxb7+ Kg8 35. Kh1 Re5 36. Qb8 Rg5 37. Qe8 Qe4 38. Qd8 Qh4 39. Be6+ Kg7 40.
Qe7+ Kh8 41. Qf6+ Kh7 42. Qf7+ Rg7 43. Qxf8 h5 44. Qf5+ Kh6 45. Bxd5 Qg5 46.
Qxg5+ Rxg5 47. Bxf3 Rf5 48. Kg2 Kg5 49. Rd5 Kf4 50. Rxf5+ Kxf5 51. Bxh5 1-0

[Event "IMSA Blitz w 2016"]
[Site "Huai'an CHN"]
[Date "2016.03.01"]
[Round "22.3"]
[White "Socko, Monika"]
[Black "Paehtz, Elisabeth"]
[Result "1-0"]
[WhiteTitle "GM"]
[BlackTitle "IM"]
[WhiteElo "2448"]
[BlackElo "2472"]
[WhiteFideId "1106619"]
[BlackFideId "4641833"]
[EventDate "2016.02.28"]

1. d4 d6 2. c4 g6 3. e4 Bg7 4. Nc3 Nc6 5. Be3 e5 6. Nge2 Nf6 7. d5 Nb8 8. f3 a5
9. Qd2 Na6 10. g4 h5 11. g5 Nd7 12. h4 Ndc5 13. Nc1 a4 14. Be2 Bd7 15. Bd1 f5
16. Bc2 O-O 17. Nd3 a3 18. bxa3 Nxd3+ 19. Bxd3 b6 20. O-O Nc5 21. Bxc5 dxc5 22.
a4 Rf7 23. Rab1 Bf8 24. Bc2 Bd6 25. Nb5 Bxb5 26. Rxb5 Qd7 27. Rbb1 fxe4 28. Bxe4
Rf4 29. Qh2 Kg7 30. Rb2 Rxa4 31. Rc1 Ra3 32. Rf2 Qa4 33. Qh3 Qe8 34. Qe6 Qxe6
35. dxe6 Rxh4 36. Rd1 Rf4 37. Bc6 Kf8 38. Be4 Ke7 39. Bxg6 Kxe6 40. Bxh5 Rh4 41.
Bg4+ Ke7 42. g6 Ra8 43. Bf5 Rf4 44. Be4 Rh8 45. Rh2 Rxh2 46. Kxh2 Kf6 47. Kg3
Kg7 48. Rh1 Rf8 49. Rh7+ Kf6 50. Kg4 Rg8 51. a4 Rg7 52. Rh8 Ke7 53. Ra8 Kf6 54.
Kh5 Ke7 55. Kh6 Kf6 56. Re8 Re7 57. Rxe7 Bxe7 58. g7 1-0

[Event "IMSA Blitz w 2016"]
[Site "Huai'an CHN"]
[Date "2016.03.01"]
[Round "22.5"]
[White "Khotenashvili, Bela"]
[Black "Tan, Zhongyi"]
[Result "1/2-1/2"]
[WhiteTitle "GM"]
[BlackTitle "WGM"]
[WhiteElo "2502"]
[BlackElo "2504"]
[WhiteFideId "13602640"]
[BlackFideId "8603642"]
[EventDate "2016.02.28"]

1. c4 e6 2. Nf3 Nf6 3. g3 d5 4. Bg2 d4 5. O-O c5 6. d3 Nc6 7. e3 Bd6 8. a3 a5 9.
exd4 cxd4 10. Bg5 h6 11. Bxf6 Qxf6 12. Nbd2 Qe7 13. Re1 O-O 14. Rc1 e5 15. Ne4
Bc7 16. c5 Be6 17. Qe2 Rfe8 18. Nd6 Bxd6 19. cxd6 Qxd6 20. Nxe5 Bd5 21. Nc4 Rxe2
22. Nxd6 Rxe1+ 23. Rxe1 Bxg2 24. Kxg2 Rd8 25. Nxb7 Rb8 26. Nc5 Rxb2 27. Re8+ Kh7
28. Nd7 g6 29. Rc8 Ne7 30. Ra8 Nf5 31. Ne5 Ne3+ 32. Kf3 Nd1 33. Rxa5 Rxf2+ 34.
Ke4 Rxh2 35. Nxf7 Rf2 36. Ne5 h5 37. Kxd4 Nb2 38. Rb5 g5 39. Rb7+ Kg8 40. Ra7 h4
41. gxh4 gxh4 42. Ra6 Rf4+ 43. Ke3 Ra4 44. Rg6+ Kh7 45. Rg5 Rxa3 46. Rh5+ Kg7
47. Rxh4 Kf6 48. Nd7+ Ke7 49. Nc5 Kd6 50. Ne4+ Ke7 51. Rh7+ Ke6 52. Rh6+ Ke7 53.
Nc5 Rc3 54. Kd4 Rc2 55. Re6+ Kf7 56. Re3 Nd1 57. Rf3+ Ke7 58. Ne4 Nb2 59. Ke5
Rh2 60. Ng5 Rh5 61. Kf5 Kd6 62. Kg4 Rh1 63. Ne4+ Kd5 64. Nf6+ Kd4 65. Kf5 Nxd3
66. Nd7 Nb2 67. Ke6 Kc4 68. Rf4+ Kc3 69. Rf3+ Kc2 70. Rf2+ Kb1 71. Nc5 1/2-1/2

[Event "IMSA Blitz w 2016"]
[Site "Huai'an CHN"]
[Date "2016.03.01"]
[Round "22.6"]
[White "Dzagnidze, Nana"]
[Black "Mkrtchian, Lilit"]
[Result "1-0"]
[WhiteTitle "GM"]
[BlackTitle "IM"]
[WhiteElo "2529"]
[BlackElo "2434"]
[WhiteFideId "13601903"]
[BlackFideId "13300601"]
[EventDate "2016.02.28"]

1. d4 Nf6 2. c4 e6 3. Nf3 d5 4. Nc3 Be7 5. Bg5 h6 6. Bh4 O-O 7. e3 b6 8. Bd3 Bb7
9. O-O Nbd7 10. Qe2 Ne4 11. Bxe7 Qxe7 12. Rac1 c5 13. cxd5 exd5 14. dxc5 Ndxc5
15. Rfd1 Rfd8 16. Nd4 Qf6 17. Nxe4 dxe4 18. Bc4 Rac8 19. b4 Nd3 20. Bxd3 Rxc1
21. Rxc1 exd3 22. Qxd3 Qg5 23. Qf1 Qd5 24. Rc7 Rd6 25. f3 Rd8 26. Qc4 Qxc4 27.
Rxc4 Bd5 28. Rc2 a5 29. b5 a4 30. a3 Kf8 31. Kf2 Ke7 32. g4 g6 33. Kg3 Kd6 34.
e4 Bb7 35. Kf4 g5+ 36. Ke3 Ke5 37. Rc7 Ba8 38. Rxf7 Rc8 39. Re7+ Kf6 40. Re6+
Kf7 41. Rxb6 Rc3+ 42. Kf2 Rxa3 43. Ra6 Rd3 44. Nf5 Bb7 45. Rxa4 Bc8 46. Nxh6+
Kf6 47. Nf5 Ke5 48. Kg3 Bb7 49. Rc4 Rb3 50. Rc5+ Ke6 51. Nd4+ 1-0